DYP uygulaması (Record no. 6218)

MARC details
000 -BAŞLIK
Sabit Uzunlukta Kontrol Alanı 00857na a2200265 4500
001 - KONTROL NUMARASI
Denetim Alanı 21226
003 - KONTROL NUMARASI IDENTIFIER
Denetim Alanı MIRAKIL
005 - SON İŞLEM TARİHİ VE ZAMANI
Denetim Alanı 20181213155100.0
008 - SABİT-BOY VERİ ELEMANLARI - GENEL BİLGİLER
Sabit Uzunlukta Kontrol Alanı 170202b tu 000 0
035 ## - SİSTEM KONTROL NUMARASI
Sistem Kontrol Numarası 21149
040 ## - KATALOGLAMA KAYNAK
Orijinal Kataloglama Ajansı Milas
Kataloglama Dili tur
Metne Dönüştürmek Ajansı TR-AnCHP
041 ## - DİL KODU
Metin / Ses Parça Veya Ayrı Başlığın Dil Kodu tur
082 ## - DEWEY ONLU SINIFLANDIRMA NUMARASI
Sınıflandırma Numarası 324.236
Ürün Numarası D63 [1991]
090 ## - SINIFLAMA NUMARASI
Sınıflama Numarası 324.236 D63 [1991]
110 ## - ANA GİRİŞ - KURUMSAL ADI
Giriş Elemanı Olarak Kurumsal Ad Veya Yargı Alanı Adı Doğru Yol Partisi (DYP)
245 ## - BAŞLIK TABLOSU
Başlık DYP uygulaması
Başlığın Kalan ekonomide reformlar
Sorumluluk Tablosu, Vb DYP
260 ## - YAYIN, DAĞITIM, VB
Yayın, Dağıtım, Vb Yeri Ankara
Yayıncı, Dağıtıcı, Vs Adı DYP
Yayın, Dağıtım, Vb Tarihi [1991]
300 ## - FİZİKSEL TANIM
Kapsam [46] s.
Diğer Fiziksel Ayrıntıları tbl.; şkl.
Boyutlar 28 sm.
500 ## - GENEL NOT
Genel Not Dış kapakta yapıt adı: Ekonomide reformlar kaynaklar ve çözümler
500 ## - GENEL NOT
Genel Not Dış kapakta: 21 Ekim sabahı yeni bir Türkiye
610 ## - KONU KATMA GİRİŞ - TOPLANTI ADI
Giriş Elemanı Olarak Kurumsal Ad Veya Yargı Alanı Adı Doğru Yol Partisi (DYP)
Genel Alt Bölüm Uygulamalar
Kronolojik Alt Bölüm Ekonomi
650 ## - KONU KATMA GİRİŞ - TOPİKAL DÖNEM
Topikal Süreli Veya Coğrafi Ad Giriş Elemanı Siyasal partiler
Genel Alt Bölümü Parti türleri
Kronolojik Alt Bölümü Liberal partiler
Coğrafi Alt Bölümü Türkiye
710 ## - KATMA GİRİŞ - KURUMSAL ADI
Giriş Elemanı Olarak Kurumsal Ad Veya Yargı Alanı Adı Doğru Yol Partisi
942 ## - EKLENDİ GİRİŞ ELEMANLARI (KOHA)
Sınıflandırma Veya Raf Düzeni Kaynak Dewey Decimal Classification
Koha Öğesi Türü Books
999 ## - SİSTEM KONTROL NUMARALARI (KOHA)
Koha Biblionumber 6218
Koha Biblioitemnumber 6218
Holdings
Kalıcı Konum Mevcut Konum Edinme Tarihi Edinim Kaynak Toplam Check-Out'Lar Tam Çağrı Numarası Barkod Tarih Son Görülme İtibaren Geçerli Fiyatlar Koha Öğesi Türü
CHP Kütüphanesi CHP Kütüphanesi 02/02/2017 Bağış   324.236 D63 [1991] 012791 02/02/2017 02/02/2017 Books